书目信息 |
| 题名: |
计算机组成原理
|
|
| 作者: | 周文远 主编 | |
| 分册: | ||
| 出版信息: | 北京 学苑出版社 2002.10 |
|
| 页数: | 193页 | |
| 开本: | 26cm | |
| 丛书名: | ||
| 单 册: | ||
| 中图分类: | TP303 | |
| 科图分类: | ||
| 主题词: | 计算技术 , 电子计算机 | |
| 电子资源: | ||
| ISBN: | 7-5077-1969-3 | |
| 000 | 00700nam0 2200229 450 | |
| 001 | 0837746159 | |
| 005 | 20080105103007.56 | |
| 010 | @a7-5077-1969-3@dCNY17.00 | |
| 100 | @a20080105d2002 km y0chiy0120 ea | |
| 101 | 0 | @achi |
| 102 | @aCN@b110000 | |
| 200 | 1 | @a计算机组成原理@Aji suan ji zu cheng yuan li@f周文远主编@Fzhou wen yuan zhu bian |
| 210 | @a北京@c学苑出版社@d2002.10 | |
| 215 | @a193页@d26cm | |
| 300 | @a全国高等教育自学考试指定教材辅导用书 计算机及应用专业(专科) | |
| 606 | 0 | @a计算技术 |
| 606 | 0 | @a电子计算机 |
| 690 | @aTP303@v4 | |
| 701 | 0 | @a周文远@Azhou wen yuan@4主编 |
| 801 | 0 | @aCN@b大连网信软件有限公司图书馆@c20080105 |
| 905 | @aBZT@dTP303@e3 | |
| 906 | @dCNY17.00@n0@r1 | |
| 计算机组成原理/周文远主编.-北京:学苑出版社,2002.10 |
| 193页;26cm |
| 全国高等教育自学考试指定教材辅导用书 计算机及应用专业(专科) |
| ISBN 7-5077-1969-3:CNY17.00 |
| ● |
| 相关链接 |
|
|
|
正题名:计算机组成原理
索取号:TP303/3
 
预约/预借
| 序号 | 登录号 | 条形码 | 馆藏地/架位号 | 状态 | 备注 |
| 1 | 623405 | 2000623405 | 中心书库中库/ 中库028架B面8列4层21/ [索取号:TP303/3] | 在馆 | |
| 2 | 623406 | 2000623406 | 中心书库中库/ 中库028架B面8列2层34/ [索取号:TP303/3] | 在馆 | |
| 3 | 623407 | 2000623407 | 中心书库中库/ 中库028架B面8列4层24/ [索取号:TP303/3] | 在馆 | |
| 4 | 623408 | 2000623408 | 中心书库中库/ 中库028架B面8列4层20/ [索取号:TP303/3] | 在馆 | |
| 5 | 623409 | 2000623409 | 中心书库中库/ 中库028架B面8列4层23/ [索取号:TP303/3] | 在馆 | |
| 6 | 623410 | 2000623410 | 中心书库中库/ 中库028架B面8列4层22/ [索取号:TP303/3] | 在馆 | |
| 7 | 623411 | 2000623411 | 中心书库中库/ 中库028架B面8列3层24/ [索取号:TP303/3] | 在馆 | |
| 8 | 623412 | 2000623412 | 中心书库中库/ 中库029架A面3列3层15/ [索取号:TP303/3] | 在馆 | |
| 9 | 623413 | 2000623413 | 中心书库中库/ 中库028架B面8列4层25/ [索取号:TP303/3] | 在馆 | |
| 10 | 623414 | 2000623414 | 中心书库中库/ 中库028架B面8列2层33/ [索取号:TP303/3] | 在馆 |